• 首页
  • 本馆介绍
  • 公告通知
  • 最新文献
  • 馆藏检索
  • 电子资源
  • 读者导购
  • 参考咨询
  • 我的图书馆
  • 登录
  • 详细信息显示
  • 放入我的书架
  • 预约/预借图书
  • 作者相关作品
  • 分类相关作品
  • 丛书相关作品
  • 出版社相关作品

书目信息

  • 表格格式
  • 工作单格式
  • 卡片格式
题名:
经济学帝国主义
    
 
作者: 高小勇 主编
分册: 第四卷  
出版信息: 北京   朝华出版社  2005
页数: 23,268页
开本: 23cm
丛书名: 联智文库
单 册:
中图分类: F0-53
科图分类:
主题词: 经济学--文集
电子资源:
ISBN: 7-5054-1221-3
000 01408nam0 2200373 450
000 01371nam0 2200361 450
000 01367nam0 2200373 450
000 01313nam0 2200349 450
000 01309nam0 2200337 450
000 01272nam0 2200325 45
001 TS-167479
005 20061208101950.21
010    @a7-5054-1221-3@dCNY28.00
100    @a20060829d2005 emky0chiy0110 ea
101 0  @achi
102    @aCN@b110000
105    @ay z 000yy
200 1  @a经济学帝国主义@AJing Ji Xue Di Guo Zhu Yi@e《经济学消息报》精选文集@E《 Jing Ji Xue Xiao Xi Bao》 Jing Xuan Wen Ji@h第四卷@HDi Si Juan@f高小勇主编@FGao Xiao Yong Zhu Bian
210    @a北京@c朝华出版社@d2005
215    @a23,268页@d23cm
225 2  @a联智文库@i联智财经文丛
304    @a张五常,樊纲序
308    @a联智文库:114
330    @a本书是经济学文集,所收录的文章从“价格”、“代价”、“费用”的角度看世界,解释和推论过去与将来的行为。并收录了一些相关随笔与札记。
410  0 @1001002798645@12001 @a联智文库
510 1  @aEconomic Imperialism@hIV@zeng
517 1  @a《经济学消息报》精选文集@A《 Jing Ji Xue Xiao Xi Bao》 Jing Xuan Wen Ji
606 0  @a经济学@x文集
690    @aF0-53@v4
701  0 @a高小勇@AGao Xiao Yong@4主编
801  0 @aCN@b中图数据@c20061208
905    @a10447@dF0-53@e254:4
    
    经济学帝国主义:《经济学消息报》精选文集.第四卷/高小勇主编.-北京:朝华出版社,2005
    23,268页;23cm.-(联智文库.联智财经文丛)
    
    
    ISBN 7-5054-1221-3:CNY28.00
    本书是经济学文集,所收录的文章从“价格”、“代价”、“费用”的角度看世界,解释和推论过去与将来的行为。并收录了一些相关随笔与札记。
●
相关链接 在E读中查询图书 在五车中查询图书 在当当中查询图书 在豆瓣中查询图书


正题名:经济学帝国主义     索取号:F0-53/254:4         预约/预借

序号 登录号 条形码 馆藏地/架位号 状态 备注
1 0618495   206184957   第一样本阅览室/ [索取号:F0-53/254:4] 在馆    
2 0618496   206184966   第一借阅区/ [索取号:F0-53/254:4] 在馆    
3 0618497   206184975   第一借阅区/ [索取号:F0-53/254:4] 在馆    
唐山师范学院图书馆 欢迎您!
大连网信软件有限公司© 版权所有